00379nam a2200121Ia 4500008004100000245011800041260001700159260000900176300000800185650002300193650001200216856002900228170516s9999 xx 000 0 und d a3D Porous Calcium-Alginate Scaffolds Cell Culture System Improved Human Osteoblast Cell Clusters for Cell Therapy bTheranostics c2015 a5:6 xMedical Technology xMedtech uhttp://www.thno.org/v5i6